000 01469cam a22004094i 4500
003 PE-LiUPU
005 20250731173232.0
008 150625s1972 sp r 000 0 spa d
035 _a(Sirsi) a34662
040 _aPE-LiUPU
_bspa
_cPE-LiUPU
_erda
082 0 4 _a230
_bN54
_221
100 1 _aNicolás, Adolfo de,
_eautor.
245 1 0 _aTeologia del Proceso.
264 1 _aBarcelona :
_bSigueme,
_c1972.
300 _a416, páginas ;
_c19 centímetros
336 _atext
_2rdacontent
337 _aunmediated
_2rdamedia
338 _avolume
_2rdacarrier
505 0 _aReflexión teologíca sobre la creación, las realidades terrestres y la actividad humana -- formación pluridimensasional de la teología de la historía -- reflexión sobre la iglesia n el mundo.
526 _aSEG42
526 _aSEG41
526 _aSEG40
526 _aSEG39
526 _aP94
526 _aP87
526 _aP86
526 _aP85
526 _aP77
526 _aP76
526 _aP35
910 _bksl
_cksl
_d20190611
942 _2ddc
_cBOOK
949 _a230 N54
_wDEWEY
_c1
_i12259
_lCCODEBUL1
_mBUL
_p16.00
_r0
_sY
_tBOOK
_u2015-06-25
_xBIBLIOTECA
_zUNKNOWN
_0COMPRA
_o.STAFF. Colección Teología
596 _a1
999 _a230 N54
_wDEWEY
_c42543
_i12259
_f2021-11-11
_g6
_lCCODEBUL1
_mBUL
_p16.00
_r0
_sY
_tBOOK
_u2015-6-25
_xTEOLOGIA
_zUNKNOWN
_0COMPRA
_o.STAFF. Colección Teología
_d42543
980 _81
_gALBERTO SANCHEZ Responsable de Automatización